Constructability concepts and practice / (Record no. 329721)

000 -LEADER
fixed length control field 01537cam a2200313 a 4500
001 - CONTROL NUMBER
control field 14920403
003 - CONTROL NUMBER IDENTIFIER
control field NUST
005 - DATE AND TIME OF LATEST TRANSACTION
control field 20170518161708.0
008 - FIXED-LENGTH DATA ELEMENTS--GENERAL INFORMATION
fixed length control field 070709s2007 vaua b 001 0 eng
010 ## - LIBRARY OF CONGRESS CONTROL NUMBER
LC control number 2007028370
020 ## - INTERNATIONAL STANDARD BOOK NUMBER
International Standard Book Number 9780784408957 (pbk.)
020 ## - INTERNATIONAL STANDARD BOOK NUMBER
International Standard Book Number 0784408955 (pbk.)
040 ## - CATALOGING SOURCE
Original cataloging agency DLC
Transcribing agency DLC
Modifying agency DLC
050 00 - LIBRARY OF CONGRESS CALL NUMBER
Classification number TH438.4
Item number .C63 2007
082 00 - DEWEY DECIMAL CLASSIFICATION NUMBER
Classification number 624.068 GAM
Edition number 22
245 00 - TITLE STATEMENT
Title Constructability concepts and practice /
Statement of responsibility, etc. sponsored by The Construction Institute (CI) of the American Society of Civil Engineers [and] Constructability Committee, Construction Research Council ; edited by John A. Gambatese, James B. Pocock, Phillip S. Dunston.
260 ## - PUBLICATION, DISTRIBUTION, ETC.
Place of publication, distribution, etc. Reston, Va. :
Name of publisher, distributor, etc. American Society of Civil Engineers,
Date of publication, distribution, etc. c2007.
300 ## - PHYSICAL DESCRIPTION
Extent v, 149 p. :
Other physical details ill. ;
Dimensions 22 cm.
504 ## - BIBLIOGRAPHY, ETC. NOTE
Bibliography, etc. note Includes bibliographical references and index.
650 #0 - SUBJECT ADDED ENTRY--TOPICAL TERM
Topical term or geographic name entry element Construction industry
General subdivision Management.
9 (RLIN) 806
700 1# - ADDED ENTRY--PERSONAL NAME
Personal name Gambatese, John Anthony.
9 (RLIN) 1113
700 1# - ADDED ENTRY--PERSONAL NAME
Personal name Pocock, James B.
9 (RLIN) 1114
700 1# - ADDED ENTRY--PERSONAL NAME
Personal name Dunston, Phillip S.
9 (RLIN) 1115
710 2# - ADDED ENTRY--CORPORATE NAME
Corporate name or jurisdiction name as entry element American Society of Civil Engineers.
9 (RLIN) 702
710 2# - ADDED ENTRY--CORPORATE NAME
Corporate name or jurisdiction name as entry element Construction Institute.
9 (RLIN) 1116
710 2# - ADDED ENTRY--CORPORATE NAME
Corporate name or jurisdiction name as entry element Construction Research Council (Washington, D.C.)
9 (RLIN) 1117
856 41 - ELECTRONIC LOCATION AND ACCESS
Materials specified Table of contents only
Uniform Resource Identifier <a href="http://www.loc.gov/catdir/toc/ecip0722/2007028370.html">http://www.loc.gov/catdir/toc/ecip0722/2007028370.html</a>
906 ## - LOCAL DATA ELEMENT F, LDF (RLIN)
a 7
b cbc
c orignew
d 1
e ecip
f 20
g y-gencatlg
942 ## - ADDED ENTRY ELEMENTS (KOHA)
Source of classification or shelving scheme
Koha item type Book
Holdings
Withdrawn status Lost status Source of classification or shelving scheme Damaged status Not for loan Permanent Location Current Location Date acquired Total Checkouts Full call number Barcode Date last seen Price effective from Koha item type
          School of Civil and Environmental Engineering (SCEE) School of Civil and Environmental Engineering (SCEE) 05/18/2017   624.068 GAM NIT-8894 05/18/2017 05/18/2017 Book
          School of Civil and Environmental Engineering (SCEE) School of Civil and Environmental Engineering (SCEE) 05/18/2017   624.068 GAM NIT-8630 05/18/2017 05/18/2017 Book
© 2023 Central Library, National University of Sciences and Technology. All Rights Reserved.